Online
Catalog

La sombra del imperio : (Record no. 29737)

MARC details
000 -CABECERA
campo de control de longitud fija 01382nam a2200277 a 4500
001 - NÚMERO DE CONTROL
campo de control 000030245
005 - FECHA Y HORA DE LA ÚLTIMA TRANSACCIÓN
campo de control 20240527201743.0
008 - DATOS DE LONGITUD FIJA--INFORMACIÓN GENERAL
campo de control de longitud fija 110505s2012 pr 001 0 spa d
020 ## - NÚMERO INTERNACIONAL ESTÁNDAR DEL LIBRO
Número Internacional Estándar del Libro 9789945455731
040 ## - FUENTE DE LA CATALOGACIÓN
Centro catalogador/agencia de origen DO-SdBNP
Lengua de catalogación spa
Centro/agencia transcriptor BNPHU
082 ## - NÚMERO DE LA CLASIFICACIÓN DECIMAL DEWEY
Número de clasificación 321.08
Número de documento/Ítem M435s
100 1# - ENTRADA PRINCIPAL--NOMBRE DE PERSONA
Nombre de persona Mattei Filardi, Luis
9 (RLIN) 56930
245 10 - MENCIÓN DE TÍTULO
Título La sombra del imperio :
Resto del título los inicios del Consejo Ejecutivo en Puerto Rico (1900-19004) /
Mención de responsabilidad, etc. Luis Mattei Filardi.
260 ## - PUBLICACIÓN, DISTRIBUCIÓN, ETC.
Lugar de publicación, distribución, etc. San Juan ; Santo Domingo :
Nombre del editor, distribuidor, etc. Isla Negra,
Fecha de publicación, distribución, etc. 2012.
300 ## - DESCRIPCIÓN FÍSICA
Extensión 321 p. ;
Dimensiones 22 cm.
490 1# - MENCIÓN DE SERIE
Mención de serie Visiones y cegueras
504 ## - NOTA DE BIBLIOGRAFÍA, ETC.
Nota de bibliografía, etc. Bibliografía : p. 293-321
505 0# - NOTA DE CONTENIDO CON FORMATO
Información miscelánea Prólogo --
-- Introducción --
Título El expansionismo estadounidense y el desarrollo político puertorriqueño en el siglo XIX --
-- El proceso hacia el establecimiento de un gobierno civil en Puerto Rico bajo la soberanía de los Estados Unidos --
-- La articulación del Consejo Ejecutivo --
-- El Consejo Ejecutivo y las características principales de la labor legislativa --
-- La legislación durante el cuatrienio del 1900 a 1904 --
-- Conclusión --
Información miscelánea Bibliografía.
590 ## - NOTA LOCAL (RLIN)
Nota local Inventariado, 2018/LP
650 #4 - PUNTO DE ACCESO ADICIONAL DE MATERIA--TÉRMINO DE MATERIA
Término de materia o nombre geográfico como elemento de entrada Protectorados
9 (RLIN) 56931
650 #0 - PUNTO DE ACCESO ADICIONAL DE MATERIA--TÉRMINO DE MATERIA
Término de materia o nombre geográfico como elemento de entrada Imperialismo
9 (RLIN) 1499
651 #4 - PUNTO DE ACCESO ADICIONAL DE MATERIA--NOMBRE GEOGRÁFICO
Nombre geográfico Estados Unidos
Subdivisión general Colonias
9 (RLIN) 56932
651 #4 - PUNTO DE ACCESO ADICIONAL DE MATERIA--NOMBRE GEOGRÁFICO
Nombre geográfico Puerto Rico
Subdivisión general Política Y Gobierno
9 (RLIN) 12599
830 #0 - PUNTO DE ACCESO ADICIONAL DE SERIE-TÍTULO UNIFORME
Título uniforme Visiones y cegueras
9 (RLIN) 1120
910 ## - DATOS DE OPCIÓN DEL USUARIO (OCLC)
Datos de opción del usuario Validado. Control de calidad EMS
Holdings
Estado de retiro Estado de pérdida Restricciones de uso No para préstamo Código de colección Localización permanente Ubicación/localización actual Ubicación en estantería Fecha de adquisición Número de inventario Total de préstamos Signatura topográfica completa Código de barras Fecha visto por última vez Número de copia Precio válido a partir de Tipo de ítem Koha
        Monografías: Libros y Folletos General General Depósito 19.04.2012 LF1   321.08 M435s 30245-30 25.06.2020 e. 3 25.06.2020 Préstamo en sala
      Excluido de préstamo Monografías: Libros y Folletos Patrimonio Dominicano Patrimonio Dominicano Depósito 05.05.2011 LF1   321.08 M435s 30245-10 25.06.2020   25.06.2020 No se presta
      Excluido de préstamo Monografías: Libros y Folletos Patrimonio Dominicano Patrimonio Dominicano Depósito 19.04.2012 LF1   321.08 M435s 30245-20 25.06.2020 e. 2 25.06.2020 No se presta

Powered by Koha